Öffentlich-rechtliche Fehrnsehsender - Statistiken

Allgemein
  • Dieses Quiz wurde 344 mal gespielt
  • Das Durchschnittsergebnis liegt bei 12 aus 20
Antwortstatistiken
Programme % Korrekt
Das Erste
99%
ZDF
97%
NDR (Norddeutscher Rundfunk)
84%
BR (Bayerischer Rundfunk)
82%
WDR (Westdeutscher Rundfunk)
82%
SWR (Südwestrundfunk)
74%
MDR (Mitteldeutscher Rundfunk)
73%
hr (Hessischer Rundfunk)
65%
rbb (Radio Berlin-Brandenburg)
62%
Arte
61%
SR (Saarländischer Rundfunk)
59%
ZDFneo
57%
Phoenix
42%
KIKA
40%
ZDFinfo
40%
3sat
35%
tagesschau24
32%
Radio Bremen TV
30%
ONE
25%
ARD alpha
24%
Keine übereinstimmenden Quizze gefunden
Verteilung der Resultate
Anzahl Personen mit jedem Resultat
Perzentil nach korrekt beantworteten Fragen
Ihre Resultats-Entwicklung
Sie haben dieses Quiz noch nicht gespielt